Euskadi 1: Bizkaiko geografia - Estadísticas

Estadísticas generales
  • Esta prueba ha sido intentada 24 veces
    23 desde el último reinicio
  • La puntuación promedio es 9 de 20
Estadísticas de respuestas
Pregunta Respuesta % Correcto
Hurrengo udalerrietatik, zeinek dauka kostaldea? Ispasterrek
94%
Zein udalerritan ez dago Loiuko aeroportuko zatirik? Bilbon
71%
Zein da Bizkaiko udalerririk iparraldekoena? Bermeo
65%
Hurrengo udalerrietatik, zeinek EZ dauka mugarik Erandiorekin? Sopelak
65%
Muskizen ez ezik, zein udalerritan dago kokatuta Petronor enpresaren industria? Abanto-Zierbenan
53%
Zein udalerritan isurtzen ditu bere urak Asua ibaiak Bilboko itsasadarrera? Erandion
53%
Zein da hiritar gutxien dauzkan Bizkaiko udalerria? (2022ko datuak) Arakaldo
47%
Hurrengo udalerrietatik, zeinek EZ dauka mugarik Morgarekin? Busturiak
47%
Bizkaiko zein udalerritan sartzen da Urrunagako urtegia? Diman eta Otxandion
47%
Hurrengo udalerrietatik, zein EZ dago Enkarterrietan? Alonsotegi
41%
Zein udalerritik pasatuko zinateke Ispasterreko udaletxetik Lekeitioko udaletxera autoz joaterakoan? Batetik ere ez
41%
Hurrengo udalerrietatik, zeinetan EZ dago suhiltzaile-parkerik? Bermeon
41%
Zein udalerrietatik dabil Gobela ibaia? Sopela, Berango, Getxo eta Leioatik
35%
Hurrengo udalerri multzoetatik, zeintzuk dira mugakideak Lezamarekin? Larrabetzu, Zamudio, Gamiz-Fika eta Galdakao
29%
Zein da Bizkaiko udalerririk ekialdekoena? Ondarroa
29%
Zein da Bizkaiko bigarren udalerririk zabalena? Orozko
29%
Zein udalerritan dago Anboto mendia? Atxondon
24%
Hurrengo udalerrietatik, zeintzuk dira mugakideak? Mendata eta Aulesti
24%
Hurrengo udalerrietatik, zeinetan EZ dago ospitalerik? Galdakaon
12%
Zein udalerritan dago Bizkaiko mendirik altuena? Zeanurin
12%
No se encontraron pruebas coincidentes
Distribución de puntuación
Porcentaje de gente con cada puntuación
Porcentaje por número respondido
Historial de tus puntuaciones
No has intentado esta prueba desde el último reinicio